000 00542nam a2200241Ia 4500
005 20260320200941.0
008 008 262003s9999 xx 000 0 eng d
037 _aEBOOK
040 _aCRL
040 _beng
040 _cCRL
041 _2eng
041 _aeng
084 _qCRL
100 _aBurns
245 0 _aSoftware Defined Radio for 3G
260 _bIEEE
260 _c2002
856 _uhttps://ieeexplore.ieee.org/servlet/opac?bknumber=9100368
942 _cEBOOK
999 _c1717876
_d1717876